Discurs del president : presa de possessió de Salvador Esteve com a president de la Diputació de Barcelona : 15 de juliol de 2011 presa de possessió de Salvador Esteve com a president de la Diputació de Barcelona :
Descripción Física:
14 p. : fot. col. ; 21 cm
Materias:
Barcelona (Catalunya : Província). -- Diputació -- Presidents
; Presidents -- Discursos d'investidura
Idioma:
Catalán
MARC
| LEADER | 00000nam a2200000Ia 4500 | ||
|---|---|---|---|
| 001 | 23403 | ||
| 003 | Arxiu | ||
| 005 | 20260324180550.0 | ||
| 008 | 160829s2011 spcaxx s cat c | ||
| 040 | |a AGDB | ||
| 080 | |a FU-61-23 | ||
| 110 | 1 | |a Barcelona (Catalunya : Província). |b President (2011-2015 : Esteve) |9 55843 | |
| 245 | 1 | 0 | |a Discurs del president : |b presa de possessió de Salvador Esteve com a president de la Diputació de Barcelona : |b 15 de juliol de 2011 |
| 260 | |a Barcelona : |b Diputació de Barcelona, |c 2011 | ||
| 300 | |a 14 p. : |b fot. col. ; |c 21 cm | ||
| 610 | 1 | 0 | |a Barcelona (Catalunya : Província). |b Diputació |x Presidents |9 52771 |
| 650 | 0 | |a Presidents |x Discursos d'investidura |9 48779 | |
| 710 | 1 | |a Barcelona (Catalunya : Província). |b Diputació |e entitat editora |9 52408 | |
| 901 | |a Arxiu | ||
| 942 | |n 1 |2 udc |c ARXIU | ||
| 952 | |0 0 |1 0 |4 0 |6 FU6123 |7 1 |9 54852 |a Arxiu |b Arxiu |d 2012-03-05 |l 0 |o FU-61-23 |p 23403 |r 2016-12-01 00:00:00 |w 2016-12-01 |y ARXIU | ||
| 999 | |c 58722 |d 58722 | ||